00761nam a2200241 a 4500001001300000003000900013005001700022008004100039020002300080082002100103100001800124245005300142260004400195500003500239505002900274650001800303650001600321700001800337902000800355942000700363952013400370999001500504nice12345678IN_TiNIC20260116012941.0050524s1993 dela grp 000 0 eng  a8171004 c25000a305.6297054bTAH aTahseen, Rana aEducation and Moderniosation of Muslims in India aDelhibDeep and Deep Publicationsc1993 aincludes index and biblioraphy2 aAppendices, Bibliography aMuslims-India aIslam-India1 aTahseen, Rana bSRS cBK 001040708StackRoom-aHMIbHMId2007-03-28g250.00l2o305.6297054 TAHp014771r2018-07-10s2018-06-26v250.00w2005-05-24yBK c9020d9020